Statistics for Record transfers: 1. FC Köln

Click here to take the quiz!

General Stats

  • This quiz has been taken 30 times
    (7 since last reset)
  • The average score is 11 of 20

Answer Stats

#FeeSeasonPositionLeftPlayer% Correct
117 Mio. €17/18Centre-Forward1. FSV Mainz 05Jhon Córdoba
83%
47 Mio. €17/18Left-BackVfL WolfsburgJannes Horn
83%
74,5 Mio. €15/16Centre-ForwardTSG 1899 HoffenheimAnthony Modeste
83%
210 Mio. €09/10Centre-ForwardFC Bayern MunichLukas Podolski
83%
173 Mio. €17/18Centre-ForwardVfB StuttgartSimon Terodde
67%
37 Mio. €17/18Centre-BackSporting de GijónJorge Meré
67%
66 Mio. €19/20Centre-BackRSC AnderlechtSebastiaan Bornauw
67%
84,5 Mio. €18/19Attacking MidfieldFC MidtjyllandDominick Drexler
67%
123,5 Mio. €18/19Attacking MidfieldSK Rapid WienLouis Schaub
67%
143,4 Mio. €18/19Central MidfieldSG Dynamo DresdenNiklas Hauptmann
67%
183 Mio. €15/16Central MidfieldBorussia DortmundMiloš Jojić
50%
94,5 Mio. €08/09Centre-BackVitória SCPedro Geromel
50%
104 Mio. €19/20Defensive MidfieldKAA GentBirger Verstraete
50%
133,5 Mio. €14/15Centre-Forward1. FC KaiserslauternSimon Zoller
50%
153 Mio. €17/18Central MidfieldOGC NiceVincent Koziello
50%
163 Mio. €18/19Left WingerSV Werder BremenFlorian Kainz
50%
113,8 Mio. €16/17Centre-ForwardLille OSCSerhou Guirassy
33%
56 Mio. €19/20Defensive MidfieldMontpellier Hérault SCEllyes Shkiri
33%
193 Mio. €17/18Centre-BackSC BragaJoão Queirós
17%
203 Mio. €01/02Left Midfield1. FC KaiserslauternMarco Reich
17%

Score Distribution

Percentile by Number Answered

Percent of People with Each Score

Your Score History

You have not taken this quiz since the last reset